000 01224cam a2200169 4500500
005 20260208010550.0
041 _afre
042 _adc
100 1 0 _aBarthas, Jérémie
_eauthor
245 0 0 _aJoseph Ferrari, Machiavel, juge des révolutions de notre temps [1849], préface de Georges Navet, Paris, Payot, 2003, coll. « Critique de la politique », 21 E.
260 _c2005.
500 _a5
520 _aLettres inédites de Théodule Ribot à Henri Piéron Édition et présentation des lettres (1902-1916) du psychologue fondateur de la Revue philosophique, Théodule Ribot, au jeune Henri Piéron, qui deviendra par la suite une figure centrale de la psychologie scientifique française.
520 _aUnpublished letters from Théodule Ribot to Henri Piéron Edition and presentation of the letters (1902-1916) of Théodule Ribot, the psychologist founder of the Revue philosophique, to the young Henri Piéron, who will later become a central figure of French scientific psychology.
786 0 _nRevue philosophique de la France et de l'étranger | 130 | 3 | 2005-09-01 | p. 357d-432d | 0035-3833
856 4 1 _uhttps://shs.cairn.info/revue-philosophique-2005-3-page-357d?lang=fr&redirect-ssocas=7080
999 _c1657150
_d1657150